Commentaire des grands arrêts de la Cour africaine des droits de l'Homme et des peuples / (Record no. 7786)

MARC details
000 -LEADER
fixed length control field 02023cam a2200373 i 4500
001 - CONTROL NUMBER
control field on1348396150
003 - CONTROL NUMBER IDENTIFIER
control field TZ-ArACH
005 - DATE AND TIME OF LATEST TRANSACTION
control field 20260122153552.0
008 - FIXED-LENGTH DATA ELEMENTS--GENERAL INFORMATION
fixed length control field 221018t20222022fr f lb 000 0 fre d
020 ## - INTERNATIONAL STANDARD BOOK NUMBER
International Standard Book Number 9782140268052 (br)
Qualifying information (br.)
020 ## - INTERNATIONAL STANDARD BOOK NUMBER
International Standard Book Number 2140268059 (br)
Qualifying information (br.)
024 30 - OTHER STANDARD IDENTIFIER
Standard number or code 9782140268052
029 0# - (OCLC)
OCLC library identifier ZWZ
System control number 265065569
035 ## - SYSTEM CONTROL NUMBER
System control number (OCoLC)1348396150
040 ## - CATALOGING SOURCE
Original cataloging agency ZWZ
Language of cataloging fre
Description conventions ncafnor
Transcribing agency TZ-ArACH
049 ## - LOCAL HOLDINGS (OCLC)
Holding library TZAA
050 ## - LIBRARY OF CONGRESS CALL NUMBER
Classification number KQC573
Item number .S66 2022
100 1# - MAIN ENTRY--PERSONAL NAME
Personal name Soma, Abdoulaye.
Relator code pbd
Relator term Directeur de la publication.
245 10 - TITLE STATEMENT
Title Commentaire des grands arrêts de la Cour africaine des droits de l'Homme et des peuples /
Statement of responsibility, etc sous la direction de Abdoulaye Soma & Samson Mwin Sôg Mé Dabiré.
260 ## - PUBLICATION, DISTRIBUTION, ETC. (IMPRINT)
Place of publication, distribution, etc Paris :
Name of publisher, distributor, etc Harmattan;
Date of publication, distribution, etc 2022.
300 ## - PHYSICAL DESCRIPTION
Extent 1 volume (334 p.) :
Other physical details couv. ill. en coul. ;
Dimensions 24 cm.
490 1# - SERIES STATEMENT
Series statement Etudes africaines. Serie Droit
504 ## - BIBLIOGRAPHY, ETC. NOTE
Bibliography, etc Notes bibliogr.
520 ## - SUMMARY, ETC.
Summary, etc Créée par le Protocole de Ouagadougou de 1998 et ayant rendu sa première décision en décembre 2009, la Cour africaine des droits de l’homme et des peuples a, en dix ans d’existence, constitué une jurisprudence abondante et riche. Cet ouvrage systématise et synthétise cette jurisprudence. Il propose une analyse commentée des principales affaires jugées par la Cour africaine des droits de l’homme et des peuples. Adoptant une approche didactique et pédagogique, il permet au lecteur d’appréhender tant le droit procédural que le droit substantiel du système africain des droits de l’homme et des peuples.
610 27 - SUBJECT ADDED ENTRY--CORPORATE NAME
Corporate name or jurisdiction name as entry element Cour africaine des droits de l'homme et des peuples.
Source of heading or term ram
650 #7 - SUBJECT ADDED ENTRY--TOPICAL TERM
Topical term or geographic name as entry element Droits de l'homme
Geographic subdivision Afrique.
Source of heading or term ram
650 #7 - SUBJECT ADDED ENTRY--TOPICAL TERM
Topical term or geographic name as entry element Defense des droits de l'homme
Geographic subdivision Afrique.
Source of heading or term ram
650 #7 - SUBJECT ADDED ENTRY--TOPICAL TERM
Topical term or geographic name as entry element Droits de l'homme (droit international)
Geographic subdivision Afrique.
Source of heading or term ram
700 1# - ADDED ENTRY--PERSONAL NAME
Personal name Dabiré, Sôg Mé Dabiré
Dates associated with a name (19..-....).
Relator code pbd
Relator term Directeur de la publication.
830 #0 - SERIES ADDED ENTRY--UNIFORM TITLE
Uniform title Etudes africaines. Serie Droit.
886 2# - FOREIGN MARC INFORMATION FIELD
2 unimarc
a 181
-- i#
b xxxe##
936 ## - OCLC/CONSER MISCELLANEOUS DATA (OCLC); PIECE USED FOR CATALOGING (pre-AACR2) (RLIN)
OCLC control number(s) of parallel record(s) (OCLC); Piece used for cataloging, PUC (RLIN) BATCHLOAD
942 ## - ADDED ENTRY ELEMENTS (KOHA)
Source of classification or shelving scheme Library of Congress Classification
Koha item type Books
Holdings
Home library Current library Date acquired Full call number Barcode Koha item type
African Court on Human and Peoples' Rights Library African Court on Human and Peoples' Rights Library 22/01/2026 KQC573 .S66 2022 10039716 Books

African Court on Human and Peoples' Rights | For Inquiries Contact » +255 272 510 510